101 Italian Islands - Statistics

General Stats
  • This quiz has been taken 297 times
  • The average score is 20 of 101
Answer Stats
ANSWER % Correct
Sardinia
96%
Sicily
96%
Elba
78%
Capri
72%
Stromboli
62%
Lampedusa
59%
Vulcano
58%
Ischia
57%
Giglio
51%
Lipari
50%
La Maddalena
45%
Pantelleria
44%
Ponza
44%
Murano
41%
Burano
39%
Procida
36%
Favignana
35%
Montecristo
33%
Venice
33%
Capraia
32%
Linosa
31%
Asinara
30%
Alicudi
29%
Filicudi
29%
Panarea
29%
Pianosa
29%
Ventotene
29%
Caprera
27%
Isola Tiberina
26%
Salina
26%
Ustica
24%
Isola Bella
23%
Lido
23%
San Pietro
22%
Sant'Antioco
22%
Giannutri
21%
Marettimo
21%
Gorgona
19%
Levanzo
19%
San Nicola
19%
Lampione
17%
Grado
14%
Palmarola
14%
Santo Stefano
14%
Tavolara
14%
Giudecca
13%
Isola Maggiore
13%
San Domino
13%
Torcello
12%
Zannone
11%
Formiche di Grosseto
10%
Nisida
10%
Budelli
9%
Isola Minore
9%
Palmaria
9%
Isola del Garda
8%
Isola Madre
8%
Santa Maria
8%
Tino
8%
Vivara
8%
Ferdinandea
7%
Gallinara
7%
Isola di San Michele
7%
Isola Polvese
7%
Montisola
7%
Spargi
7%
Tinetto
7%
Molara
6%
San Paolo
6%
Sant'Erasmo
6%
Cretaccio
5%
Isola dei Pescatori (or Isola Superiore)
5%
Pellestrina
5%
Bergeggi
4%
Isola Bisentina
4%
Isola Comacina
4%
Isola Martana
4%
Isola San Giulio
4%
Isolino di San Giovanni
4%
Caprara
3%
Gavi
3%
Isola di San Biagio
3%
Razzoli
3%
Barbana
2%
Barbana island
2%
Isola del Trimelone
2%
Isola Donzella
2%
Sant'Andrea
2%
Isola dell'Olivo
1%
Isola del Sogno
1%
Isola di Ariano
1%
Isolino Partegora
1%
Porto Buso
1%
Scoglio d'Africa
1%
Scoglio della Malghera
1%
Castelli di Cannero
0%
Isola Albarella
0%
San Pietro d'Orio
0%
No matching quizzes found
Score Distribution
Percent of People with Each Score
Percentile by Number Answered
Your Score History
You have not taken this quiz